000 00555nam a22001697a 4500
003 NUST
038 _aNusrat Nadeem
082 _a200
100 _aWaheed, Hizba
_928424
245 _aSynthesis and Characterization of Polymeric Membranes for Dialysis Applications/
_cHizba Waheed
264 _aIslamabad;
_bSCME NUST;
_c2019;
300 _a144,p;
_bill;
_c30,cm;
650 _aPhD-Chemical Engineering
_9123341
700 _aSupervisor: Dr. Arshad Hussain
_9120181
856 _uhttp://10.250.8.41:8080/xmlui/handle/123456789/10674
942 _2ddc
_cTHE
999 _c609571
_d609571